01623nam a2200337Ia 4500001000400000003000400004005001700008008004100025020001800066040000800084041000900092082001600101100003000117240004100147245009400188260003900282300001600321520056000337650002900897650002400926650001800950650001700968650002200985655001601007655002001023700003601043830003601079942001201115952014501127999001301272402OSt20250528074019.0250415b ||||| |||| 00| 1 por d a9788576839439 bpor apor  a028.5bK64d1 aKinney, Jeff,d1971-9597 aDiary of a wimpy kid: The Long Haul. aDiário de um bananab: caindo na estradac/ Kinney, Jeff ; tradução Alexandre Boide aSão PaulobVergara & Ribac2020. a224 p.bil. aAs férias do Greg tinham tudo para serem perfeitas, até que sua mãe vem com a bomba: eles farão uma viagem de carro em família. Bem, uma viagem desse tipo tem tudo para ser algo muito divertido… ou não, ainda mais se for a família do Greg. A jornada começa cheia de promessas, mas logo sofre reviravoltas dramáticas. Banheiros de posto de gasolina, gaivotas ensandecidas, malas perdidas, um porco faminto… Mas até a viagem mais desastrosa pode virar uma grande aventura – e desta os Heffley não vão se esquecer tão cedo. 0aLiteratura Americana984 0aInfantojuvenil9200 0aDiário9599 0aAmizade9556 0aVida escolar9600 0aRomance923 0aFicção 922 aAlexandre BoiadecTRADUTOR9870 aDiário de um banana9598vv.9 2ddccBK 00102ddc3vol. 0940708FICaBIBIBbBIBIBcIJd2025-04-15edoaçãol0oIJ 028.5 / K55dp2025-17340r2025-04-15 15:22:34w2025-04-15yBK c402d402